50 Najlepszych klubów piłkarskich według rankingu UEFA - Statystyki

Ogólne statystyki
  • Ten quiz został rozwiązany 88 razy
  • Średni wynik to 27 z 50
Statystyki odpowiedzi
Punkty Klub % Poprawnych
100,250 FC Barcelona
100%
136,250 Real Madryt
99%
119,750 Manchester City
95%
133,000 Bayern
93%
122,250 Inter
93%
76,500 Manchester United
93%
111,500 PSG
93%
94,500 Atletico Madryt
92%
102,250 Arsenal
90%
120,250 Liverpool
90%
98,750 Borussia Dortmund
89%
66,000 AC Milan
86%
93,000 Chelsea
85%
69,250 Juventus
84%
87,750 Benfica
77%
68,500 FC Porto
77%
58,250 Ajax
75%
93,250 AS Roma
75%
63,000 Napoli
75%
73,500 Sporting
75%
73,750 Tottenham
75%
98,250 Bayer Leverkusen
71%
64,750 Aston Villa
58%
59,000 Lazio
53%
71,250 PSV
52%
82,000 Atalanta
45%
61,000 RB Lipsk
42%
59,000 Villarreal
42%
48,750 Galatasaray
38%
61,250 Olympique Lyon
38%
54,000 Olympique Marsylia
38%
69,250 Fiorentina
33%
63,500 Real Betis
33%
54,000 AS Monaco
32%
71,000 Feyenoord
29%
69,000 West Ham
29%
57,000 Real Sociedad
27%
71,750 Club Brugge
23%
83,000 Eintracht Frankfurt
23%
58,500 Olympiakos
23%
58,000 Bodo Glimt
21%
54,375 FC Kopenhaga
21%
50,250 Szachtar
21%
55,250 Fenerbahce
19%
59,250 Rangers
19%
51,500 Braga
15%
64,000 LOSC Lille
11%
56,875 AZ Alkmaar
10%
47,750 Ferencvaros
5%
46,750 PAOK
4%
Nie znaleziono quizów pasujących do podanych kryteriów
Rozkład punktacji
Procent ludzi z każdym wynikiem
Percentyl według liczby udzielonych odpowiedzi
Twoja historia wyników
Nie rozwiązałeś tego quizu